000 01108ngm a22003490a 4500
001 PT19509
003 AR-LpoUNG
005 20210202000310.0
007 vd cvaizq
008 191001s1979||||ag |||||||||||||||||eng d
037 _c$9.96
040 _aAR-LpoUNG
_bspa
_cAR-LpoUNG
_eaacr
041 _aeng
_aspa
044 _aag
082 0 _a959.704 3 699apo
100 1 _aFord Coppola, Francis
_edir.
245 1 0 _aApocalipsis now
260 _aSan Luis :
_bAVH,
_c[1979].
300 _aVHS (153 min.) : son., col.
505 0 _aTítulos en inglés, subtítulos en castellano
520 _aUna versión aterradora sobre la guerra de Vietnam. Sobre el despotismo que genera el poder sobre la vida y la muerte de otros seres. Un desprecio sobre los valores fundamentales del hombre sólo puede compararse a los hechos narrados en el Apocalipsis Biblico.
650 4 _aCRIMENES DE GUERRA
650 4 _aESTADOS UNIDOS
650 4 _aGUERRA
650 4 _aVIETNAM
650 4 _aVIOLENCIA
651 4 _aViet Nam
653 _aBELICO
653 _aVIDEOS
905 _a19509
942 _cVIDEO
999 _c54547
_d54547